000 00628nam a2200241 i 4500
001 C2-0274103
003 PPAK
005 20180728003242.0
008 060917s nyu |||| ||||| | eng d
020 _a059058295X
040 _aPPAK
_beng
_cPPAK
_erda
082 0 4 _a823
_223
090 0 0 _a823
_bLAW
_dK
100 1 _aLawrence, Jan,
_eauthor
245 1 0 _aAmerica's most wanted fifth-graders
264 1 _aNew York :
_bScholastic Inc. ,
300 _a116 pages ;
_c20 cm
336 _2rdacontent
_atext
337 _2rdamedia
_aunmediated
338 _2rdacarrier
_avolume
650 1 0 _aEnglish fiction.
942 _ddc
_cB
999 _c81920
_d81920